00479nam a2200181Ia 4500003000400000005001700004006001900021007000300040008004100043024001100084037001200095040001800107041001300125082001700138245007000155260005800225300001400283OSt20221007070214.0a|||||r|||| 00| 0 ta221006b |||||||| |||| 00| 0 eng d a14,721 cTextual aFLLcFLLbeng 2engaeng aX:9.1.N6, L1 0aBasic agreements and joint statements labour-management relations aGenevabInternational labour office Geneva c1971 a240pccm.